000 00683nam a22002537a 4500
003 UA-OsUOA
001 24493
007 ta
008 20040219b un ||||| |||| 00| 0 ukr d
100 _aГрошев В.П.
090 _a330
_bГ89
942 _cBK
040 _aUA-OsUOA
_brus
_cUA-OsUOA
_dUA-OsUOA
245 _aЗанимательная экономика
_bКнига для учащихся старших классов средней школы
300 _a176 с.
955 _a0
041 _arus
080 _a330
020 _a5-09-000823-Х
260 _aМосква
_bПросвещение
_c1989
044 _aRU
650 7 _2UDC
999 _c310766
_d310766